000 00631nam a2200241Ia 4500
003 OSt
005 20220912150618.0
006 a|||||r|||| 00| 0
007 ta
008 220909b |||||||| |||| 00| 0 eng d
024 _a20069
037 _cTextual
040 _aCSL
_beng
_cCSL
041 _aeng
082 _aB27, L5
100 _aHumphreys James E
245 0 _aLinear algebraic groups
260 _aNew York
_b Springer Verlag
_c1975
300 _axiv, 247p.
_ccm.
490 _aGraduate Texts in Mathematics; 21
942 _hB27, L5
_cTEXL
_2CC
999 _c50900
_d50900